Countries that Produce the Most Oil - Statistics

General Stats
  • This quiz has been taken 24 times
  • The average score is 24 of 31
Answer Stats
Barrels Country % Correct
11,113,000 Saudi Arabia
100%
4,984,000 China
100%
10,727,000 Russia
100%
795,000 India
95%
20,879,000 United States
95%
3,985,000 Iran
91%
5,692,000 Canada
91%
753,000 United Kingdom
91%
4,437,000 Iraq
86%
4,221,000 Brazil
86%
800,000 Colombia
86%
865,000 Indonesia
86%
1,815,000 Qatar
86%
4,146,000 United Arab Emirates
82%
667,000 Egypt
82%
807,000 Argentina
77%
386,000 Australia
77%
761,000 Venezuela
77%
1,056,000 Oman
77%
1,541,000 Nigeria
73%
2,101,000 Mexico
73%
2,020,000 Norway
73%
1,443,000 Algeria
68%
2,910,000 Kuwait
68%
1,955,000 Kazakhstan
64%
582,000 Malaysia
64%
1,245,000 Libya
59%
480,000 Ecuador
50%
386,000 Thailand
41%
1,175,000 Angola
32%
618,000 Azerbaijan
23%
No matching quizzes found
Score Distribution
Percent of People with Each Score
Percentile by Number Answered
Your Score History
You have not taken this quiz